Hacia la paz sostenible, la erradicación de la pobreza y la prosperidad compartida (Registro nro. 18202)

Detalles MARC
000 -CABECERA
Campo de control 00707nam a22001937a 4500
005 - FECHA Y HORA DE LA ULTIMA TRANSACCION
Campo de control 20170126095517.0
008 - ELEMENTOS DE LONGITUD FIJA—INFORMACION GENERAL
Campo de control 160307b2014 ck ||||gr|||| 00| 0 spa d
040 ## - FUENTE DE CATALOGACIÓN
Agencia catalogadora original CO-BoIAVH
Agencia transcriptora CO-BoIAVH
041 0# - IDIOMA
Código de idioma para texto/pista de sonido o título separado Español
044 ## - PAÍS DE PUBLICACIÓN
País de publicación Colombia
082 04 - NUMERO DE CLASIFICACION DECIMAL DEWEY
Número de clasificación 327.172
Número del ítem G89h
110 1# - ASIENTO PRINCIPAL--NOMBRE CORPORATIVO
Nombre corporativo o de jurisdicción como elemento de entrada Grupo Banco Mundial
9 (RLIN) 63691
245 10 - MENCION DE TITULO
Título Hacia la paz sostenible, la erradicación de la pobreza y la prosperidad compartida
Parte restante del título Notas de política: Colombia /
Mención de responsabilidad Grupo Banco Mundial
260 ## - PUBLICACION, DISTRIBUCION, ETC. (PIE DE IMPRENTA)
Lugar de publicación, distribución, etc. Bogotá :
Nombre del editor, distribuidor, etc. Grupo Banco Mundial,
Fecha de publicación, distribución, etc. [2014?].
300 ## - DESCRIPCION FISICA
Extensión 32 páginas ;
Dimensiones 28 x 22 centímetros
650 #6 - ASIENTO SECUNDARIO DE MATERIA - TERMINO TEMATICO
Término temático o nombre geográfico como elemento de entrada Consolidación de la paz
Subdivisión general política
Subdivisión geográfica Colombia
9 (RLIN) 63693
650 #6 - ASIENTO SECUNDARIO DE MATERIA - TERMINO TEMATICO
9 (RLIN) 63692
Término temático o nombre geográfico como elemento de entrada Consolidación de la paz
Subdivisión geográfica Colombia
942 ## - ELEMENTOS ADICIONALES (KOHA)
Sistema de clasificación Dewey Decimal Classification
Tipo de ítem Libro
Existencias
Withdrawn status Lost status Sistema de Clasificación Damaged status No para préstamo Colección Inventariado Ubicación Permanente Ubicación actual Fecha de adquisición Fuente de Valor Valor Total Checkouts Número topográfico Inventario / Código de Barras Date last seen Ejemplar Price effective from Forma de adquisición Tipo de material
    Dewey Decimal Classification     General Inventariado 2017 Bogotá Bogotá 07/03/2016 Instituto 39000.00   LB-327.172 G89h 039863 07/03/2016 Ej. 1 07/03/2016   Libro
    Dewey Decimal Classification     General Inventariado 2017 Sala Fabio Quevedo Sala Fabio Quevedo 05/09/2016 Instituto 39000.00   LB-327.172 G89h 040647 05/09/2016 Ej. 2 05/09/2016 Donación Libro